|
|
|
|
| LEADER |
00000nas a2200000 4500 |
| 001 |
ssj0012380 |
| 003 |
WaSeSS |
| 005 |
20200512172242.0 |
| 006 |
m d |
| 007 |
cr n |
| 008 |
770617c19739999enkqx s 0 a0eng |
| 010 |
|
|
|a 76649338
|
| 015 |
|
|
|a GB7412837
|2 bnb
|
| 016 |
|
|
|a (AMICUS)000000109844
|
| 016 |
7 |
|
|a 012555665
|2 DE-101
|
| 016 |
7 |
|
|a 444558-2
|2 DE-600
|
| 016 |
7 |
|
|a 009855125
|2 Uk
|
| 022 |
|
|
|l 0309-118X
|y 0309-118X
|
| 035 |
|
|
|a (WaSeSS)ssj0012380
|
| 037 |
|
|
|b International Institute of Communications, 2 Printers Yard, 90a Broadway, London, SW19 1RD, UK
|
| 040 |
|
|
|a DLC
|b eng
|c DLC
|d OCL
|d DLC
|d NSD
|d OCL
|d DLC
|d NST
|d AIP
|d NST
|d DLC
|d NST
|d DLC
|d OCLCQ
|d NLGGC
|d LVB
|d OCLCQ
|d HEBIS
|d GBVCP
|d AU@
|d OCLCO
|d OCLCQ
|d INU
|d UKMGB
|d OCLCF
|d OCLCO
|d OCL
|d OCLCO
|d CNUTO
|d XFH
|d NLC
|d OCLCQ
|d OCLCA
|d PAU
|d OCLCQ
|d WaSeSS
|
| 042 |
|
|
|a pcc
|a nsdp
|
| 050 |
1 |
0 |
|a HE8689
|b .I55
|
| 082 |
0 |
4 |
|a 384.54/05
|
| 210 |
0 |
|
|a InterMedia
|b (London)
|
| 222 |
|
0 |
|a InterMedia
|b (London)
|
| 245 |
0 |
0 |
|a Intermedia
|h [electronic resource].
|
| 260 |
|
|
|a [London]
|b International Institute of Communications
|
| 310 |
|
|
|a Five issues a year,
|b 2001-
|
| 321 |
|
|
|a Frequency varies,
|b 1973-2000
|
| 362 |
0 |
|
|a v. [1]- Mar./Apr. 1973-
|
| 506 |
|
|
|a License restrictions may limit access.
|
| 515 |
|
|
|a Issues for 1973 have no vol. numbering but constitute v. 1, no. 1-4.
|
| 550 |
|
|
|a Volumes for 1973- issued by the International Broadcast Institute; <, July 1980-> by the International Institute of Communications.
|
| 588 |
|
|
|a Latest issue consulted: Volume 42, issue 2 (summer 2014).
|
| 650 |
|
0 |
|a Broadcasting
|v Periodicals.
|
| 650 |
|
0 |
|a Mass media
|v Periodicals.
|
| 650 |
|
6 |
|a Radiodiffusion
|v Périodiques.
|
| 650 |
|
6 |
|a Médias
|v Périodiques.
|
| 650 |
|
7 |
|a Broadcasting.
|2 fast
|0 (OCoLC)fst00839187
|
| 650 |
|
7 |
|a Mass media.
|2 fast
|0 (OCoLC)fst01011219
|
| 650 |
1 |
7 |
|a Massamedia.
|2 gtt
|
| 653 |
|
|
|a Television services
|a Serials
|
| 655 |
|
0 |
|a Electronic journals.
|
| 710 |
2 |
|
|a International Institute of Communications.
|
| 710 |
2 |
|
|a International Broadcast Institute.
|
| 780 |
0 |
0 |
|a International Broadcast Institute.
|t IBI newsletter
|
| 850 |
|
|
|a AU
|a AzU
|a CLSU
|a CLU
|a CU-S
|a CaOONL
|a CaOTULS
|a CoFS
|a CoU
|a DGW
|a DeU
|a GEU
|a ICRL
|a IEN
|a IaU
|a InLP
|a LNT
|a LU
|a MBU
|a MCM
|a MdU
|a MiEM
|a MnU
|a NcU
|a NjP
|a NjP
|a OU
|a OrU
|a PSt
|a TxU
|a WaU
|
| 856 |
4 |
0 |
|z Full text available from Research Library: 11/01/2000 to 10/31/2006
|u https://search.proquest.com/publication/48863
|